MARC

LEADER 00000nam0a2200000 4500
001 348863
005 20231102010140.0
035 |a (RuTPU)RU\TPU\retro\718 
090 |a 348863 
100 |a 20180322d1962 km y0rusy50 ca 
101 0 |a rus 
102 |a RU 
105 |a a z 001zy 
200 1 |a Разработка нефтяных местрождений при режиме растворенного газа. (На примере Ишимбайских месторождений нефти)  |f И. И. Абызбаев, М. М. Саттаров, А. В. Карцева 
210 |a Москва  |c Гостоптехиздат  |d 1962 
215 |a 152 с.  |c ил. 
320 |a Библиогр.: с. 148-149 
606 1 |a Нефтяные месторождения  |x Системы разработки  |2 stltpush  |3 (RuTPU)RU\TPU\subj\45964  |9 65153 
610 1 |a залежи 
610 1 |a геологические характеристики 
610 1 |a коллекторские свойства 
610 1 |a физико-химические свойства 
610 1 |a жидкости 
610 1 |a разработка 
610 1 |a изучение 
610 1 |a распределение 
610 1 |a технико-экономические показатели 
610 1 |a добыча 
610 1 |a нефть 
610 1 |a динамика 
610 1 |a плотность 
610 1 |a нефтеотдача 
610 1 |a гидродинамический анализ 
610 1 |a напорные режимы 
610 1 |a рифогенные месторождения 
675 |a 622.276  |v 4 
700 1 |a Абызбаев  |b И. И.  |g Исмаил Ибрагимович 
701 1 |a Саттаров  |b М. М.  |g Максум Муртазович 
701 1 |a Карцева  |b А. В.  |g Александра Васильевна 
801 1 |a RU  |b 63413507  |c 20180322 
801 2 |a RU  |b 63413507  |c 20221024  |g RCR 
942 |c BK